|
|
|
|
| LEADER |
00753cam a2200229 a 4500 |
| 001 |
0000053740 |
| 005 |
20071204090000.0 |
| 040 |
|
|
|a mod
|
| 041 |
|
|
|a eng
|
| 020 |
0 |
0 |
|a 9676110485
|
| 090 |
0 |
0 |
|a FMK
|b TOM
|e 2000
|
| 100 |
0 |
0 |
|a Tomi Jefri
|
| 245 |
1 |
0 |
|a Bebola Perak di Post Dickson
|c Tomi Jefri
|
| 260 |
0 |
0 |
|a Kuala Lumpur
|b Utusan Publ.
|c 2000
|
| 300 |
0 |
0 |
|a 84p.
|b ill.
|c 18cm
|
| 440 |
0 |
0 |
|a Siri pengembaraan Utusan
|
| 650 |
0 |
0 |
|a Malay fiction
|
| 650 |
0 |
0 |
|a Adventure stories, Malay
|
| 650 |
0 |
0 |
|a Detective and mystery stories, Malay
|
| 852 |
0 |
0 |
|a 01
|
| 999 |
|
|
|a 0174369
|b KEMENTAH
|d BOOKS
|e Koleksi Kanak-kanak (K)
|f Perpustakaan KEMENTAH
|j WEEDED
|q GOOD CONDITION
|
| 999 |
|
|
|a 0258406
|b KD Malaya
|d BOOKS
|e Fiksyen Melayu Kanak-Kanak (FMK)
|f KD MALAYA
|j AVAILABLE
|q GOOD CONDITION
|